Science Quiz

Random Science or Chemistry Quiz

VSEPR Shapes Quiz Stats

 Plays Quiz Updated Oct 31, 2018

Support Sporcle.
Go Orange.
Score 0/15 Timer 03:00
4 Plays Today
% Correct
linear
81.8%
linear
80.8%
bent
80.4%
bent
79.7%
trigonal planar
76.3%
linear
75.1%
octahedral
69.8%
T-shaped
66.5%
% Correct
seesaw
65.2%
trigonal pyramidal
63.9%
tetrahedral
63.7%
square planar
62.7%
trigonal bipyramidal
59.5%
square pyramidal
56.7%
pentagonal bipyramidal
25.2%

From the Vault

'C' Logos

by Quizmaster91

We 'C' what these brands did here.
Remove Ads.
Support Sporcle.
Get the best of Sporcle when you Go Orange. This ad-free experience offers more features, more stats, and more fun while also helping to support Sporcle. Thank you for becoming a member.

Show Comments

Extras

Top Quizzes Today


Score Distribution

Your Account Isn't Verified!

In order to create a playlist on Sporcle, you need to verify the email address you used during registration. Go to your Sporcle Settings to finish the process.

Report this User

Report this user for behavior that violates our Community Guidelines.

Details: